|
|
|
|
| LEADER |
01622nam a2200277 u 4500 |
| 001 |
10030461 |
| 003 |
upatras |
| 005 |
20210117210039.0 |
| 008 |
991008s1999 gr gre |
| 040 |
|
|
|a GR-PaULI
|c GR-PaULI
|
| 041 |
0 |
|
|a gre
|
| 082 |
0 |
4 |
|a 621.45
|
| 100 |
1 |
|
|a Νέρης, Αριστομένης Σ.
|9 153916
|
| 245 |
1 |
0 |
|a Ανάλυση και έλεγχος αιολικών συστημάτων παραγωγής ηλεκτρικής ενέργειας
|c Αριστομένη Σ. Νέρη; Πανεπιστήμιο Πατρών, Τμήμα Ηλεκτρολόγων Μηχανικών και Τεχνολογίας Υπολογιστών
|
| 260 |
|
|
|a Πάτρα
|b [χ.ό]
|c 1999
|
| 300 |
|
|
|a 191 σ.
|b σχήμ.
|c 30 εκ.
|
| 500 |
|
|
|a Διδακτορική διατριβή
|
| 504 |
|
|
|a Περιλαμβάνει βιβλιογραφία
|
| 650 |
|
4 |
|a Ενεργειακά συστήματα
|9 1759
|
| 710 |
2 |
|
|9 2771
|a Πανεπιστήμιο Πατρών
|b Σχολή Επιστημών Υγείας
|b Τμήμα Ιατρικής
|e Πολυτεχνική Σχολή
|e Τμήμα Ηλεκτρολόγων Μηχανικών και Τεχνολογίας Υπολογιστών
|
| 852 |
|
|
|a GR-PaULI
|b ΠΑΤΡΑ
|b ΒΚΠ
|b ΑΠΟ
|k ΔΙΑΤΡΙΒΗ
|h 621.45 Ν
|m 045826
|p 025000058887
|t 1
|
| 856 |
|
|
|u http://nemertes.lis.upatras.gr/jspui/handle/10889/2350
|
| 942 |
|
|
|2 ddc
|c BKTD
|
| 952 |
|
|
|0 0
|1 0
|4 0
|6 621_450000000000000_Ν
|7 0
|9 199563
|a LISP
|b LISP
|c ALF
|d 2016-04-24
|i 045826
|l 0
|o 621.45 Ν
|p 025000058887
|r 2016-04-24 00:00:00
|t 1
|w 2016-04-24
|y BKTD
|
| 998 |
|
|
|c ΠΑΝΑΓΟΠΟΥΛΟΥ
|d 1999-10
|
| 999 |
|
|
|c 122358
|d 122358
|